Hacer una tesis en ciencias / (Record no. 9859)

MARC details
000 -LEADER
campo de control de longitud fija 00915nam a2200265 i 4500
001 - NÚMERO DE CONTROL
campo de control 9859
003 - IDENTIFICADOR DE NÚMERO DE CONTROL
campo de control ES-MaACL
005 - FECHA Y HORA DE LA ÚLTIMA TRANSACCIÓN
campo de control 20230906145754.0
008 - DATOS DE LONGITUD FIJA--INFORMACIÓN GENERAL
campo de control de longitud fija 940311s1993 sp ||||1| spa d
020 ## - NÚMERO INTERNACIONAL ESTÁNDAR DEL LIBRO
Número Internacional Estándar del Libro 84-370-1074-8
080 ## - NÚMERO DE LA CLASIFICACIÓN DECIMAL UNIVERSAL
Número de la Clasificación Decimal Universal 001.81:5/6
100 1# - ENTRADA PRINCIPAL--NOMBRE DE PERSONA
Nombre de persona Núñez Cachaza, Antonio.
9 (RLIN) 86177
245 10 - MENCIÓN DEL TÍTULO
Título Hacer una tesis en ciencias /
Mención de responsabilidad, etc. A. Núñez Cachaza, M. Núñez de Murga, J. Núñez de Murga.
260 ## - PUBLICACIÓN, DISTRIBUCIÓN, ETC.
Lugar de publicación, distribución, etc. València :
Nombre del editor, distribuidor, etc. Universitat, Servei de Publicacions,
Fecha de publicación, distribución, etc. 1993.
300 ## - DESCRIPCIÓN FÍSICA
Extensión 103 p. ;
Dimensiones 17 cm.
490 1# - MENCIÓN DE SERIE
Mención de serie Cultura universitaria popular ;
Designación de volumen o secuencia 19
650 ## - PUNTO DE ACCESO ADICIONAL DE MATERIA--TÉRMINO DE MATERIA
Término de materia o nombre geográfico como elemento de entrada Tesis doctorales.
9 (RLIN) 17517
650 #4 - PUNTO DE ACCESO ADICIONAL DE MATERIA--TÉRMINO DE MATERIA
Término de materia o nombre geográfico como elemento de entrada Escritos científicos.
9 (RLIN) 12399
650 #4 - PUNTO DE ACCESO ADICIONAL DE MATERIA--TÉRMINO DE MATERIA
Término de materia o nombre geográfico como elemento de entrada Investigación-
Subdivisión general Metodología.
9 (RLIN) 165440
700 1# - ENTRADA AGREGADA--NOMBRE PERSONAL
Nombre de persona Núñez de Murga, Manuel.
9 (RLIN) 86189
700 1# - ENTRADA AGREGADA--NOMBRE PERSONAL
Nombre de persona Núñez de Murga, Javier.
9 (RLIN) 86188
830 1# - PUNTO DE ACCESO ADICIONAL DE SERIE-TÍTULO UNIFORME
Título uniforme Cultura universitaria popular ;
Designación de volumen o secuencia 19
9 (RLIN) 179154
852 ## - LOCALIZACIÓN
Ubicación ES-MaACL
Número de control de estantería L-17289
Holdings
Estatus retirado Estado de pérdida Estado de daño No para préstamo Biblioteca de origen Biblioteca actual Ubicación en estantería Fecha de adquisición Fuente de adquisición Total de préstamos Signatura topográfica completa Código de barras Visto por última vez Precio de reemplazo Tipo de ítem Koha
        Biblioteca del Ateneo de Madrid Biblioteca del Ateneo de Madrid Depósito 2 17/01/2008     L-17289 1010065 23/02/2023 23/02/2023 Libro impreso